| 000 | 00979cam a22002894a 4500 | ||
|---|---|---|---|
| 001 | 15127579 | ||
| 005 | 20141028141211.0 | ||
| 006 | m||||f ||z| 00| 0 | ||
| 008 | 080104t2011 xxua frb 001 0 eng d | ||
| 010 | _a2008270102 | ||
| 020 | _a0470646209 | ||
| 020 | _a9780470646205 | ||
| 040 |
_aDLC _cDLC _dDLC _dEG-ScBUE |
||
| 082 | 0 | 0 |
_222 _a658.404 _bPRO |
| 245 | 0 | 0 |
_aProject management in practice / _cSamuel J. Mantel ... [et al.] |
| 250 |
_a4th ed. , _bInternational student version. |
||
| 260 |
_aHoboken, United States : _bJohn Wiley & Sons, INC., _cc.2011. |
||
| 300 |
_axvii, 312 p. : _bill. (col.) ; _c26 cm. + _eCD-ROM. |
||
| 500 | _aIncludes indexes. | ||
| 500 | _aIncludes textbook trialware. | ||
| 504 | _aIncludes bibliographical references. | ||
| 650 | 0 |
_aProject management _911664 |
|
| 653 |
_cOctober2011 _cFebruary2013 _cDecember2013 _cOctober2014 |
||
| 655 |
_vtext book _933728 |
||
| 700 | 1 |
_aMantel, Samuel J. _911906 |
|
| 942 |
_2ddc _cBB _k658.404 PRO |
||
| 999 |
_c16116 _d16116 |
||